000 00511nam a22001937a 4500
999 _c6765
_d6765
003 OSt
005 20210215091948.0
008 210215b ||||| |||| 00| 0 eng d
020 _a0136603734
040 _cDDC
082 _a302.5LIS 1981
100 _aLiska,E.Allen;
_913873
245 _aPerspectives on Deviance
260 _aNew Jersey,
_bPrentice-Hall,
_c1981.
300 _axi,223;
_bill;
_c22cm.
504 _aincludes references summary and index.
650 _aSociology
_92259
942 _2ddc
_cO_SHELF